Truth and consequence in mediaeval logic.

Bibliographic Details
Main Author: Moody, Ernest A. (Ernest Addison), 1903-1975
Format: Book
Language:English
Published: Amsterdam : North-Holland Pub. Co., 1953.
Series:Studies in logic and the foundations of mathematics.
Subjects:

MARC

Tag First Indicator Second Indicator Subfields
LEADER 00000cam a2200000 4500
001 in00000072498
005 20151008053431.0
008 720803s1953 eng u
010 |a  53004268  
035 |a (OCoLC)00373247 
035 |9 AAH7413AM 
040 |c WSU  |d TXA  |d UtOrBLW 
049 |a TXAM  |c 1 [273536], 2 [1501595] 
050 0 |a BC171  |b .M65 
100 1 |a Moody, Ernest A.  |q (Ernest Addison),  |d 1903-1975. 
245 1 0 |a Truth and consequence in mediaeval logic. 
264 1 |a Amsterdam :  |b North-Holland Pub. Co.,  |c 1953. 
300 |a 113 pages 
336 |a text  |b txt  |2 rdacontent 
337 |a unmediated  |b n  |2 rdamedia 
338 |a volume  |b nc  |2 rdacarrier 
490 1 |a Studies in logic and the foundations of mathematics 
650 0 |a Truth. 
650 0 |a Logic. 
830 0 |a Studies in logic and the foundations of mathematics. 
999 |a MARS 
999 f f |s b8f5a3a0-f869-33ef-8392-1dbb019118f1  |i ac363506-5792-3a13-bca6-beef662b79e3  |t 0 
952 f f |p ric  |a Texas A&M University  |b Rellis Campus  |c Joint Library Facility  |s JLF  |d Remote Storage  |t 0  |e BC171 .M65  |h Library of Congress classification  |i unmediated -- volume  |m A14806085403 
998 f f |a BC171 .M65  |t 0  |l Remote Storage